Statistics for Three Name Celebs Quiz

Click here to take the quiz!

General Stats

  • This quiz has been taken 31,634 times
    (31,623 since last reset)
  • The average score is 16 of 27

Answer Stats

Name% Correct
Tommy {Lee} Jones
94%
Olivia {Newton}-John
88%
Billy {Bob} Thornton
86%
Mary-{Kate} Olsen
84%
Jean-{Claude} Van Damme
83%
Jada {Pinkett} Smith
77%
Lisa {Marie} Presley
76%
Kareem {Abdul}-Jabbar
73%
Andrew {Lloyd} Webber
72%
Courteney {Cox} Arquette
72%
Jamie {Lynn} Spears
68%
Francis {Ford} Coppola
66%
Mary {Tyler} Moore
66%
M. {Night} Shyamalan
66%
Haley {Joel} Osment
65%
Hillary {Rodham} Clinton
61%
Stevie {Ray} Vaughan
57%
Mary {Lou} Retton
53%
Camilla {Parker} Bowles
51%
John {Cougar} Mellencamp
50%
Chow {Yun}-fat
41%
Andrew {Dice} Clay
40%
Kristin {Scott} Thomas
37%
Malcolm-{Jamal} Warner
35%
Richard {Dean} Anderson
32%
Nicole {Brown} Simpson
28%
Thomas {Haden} Church
27%

Score Distribution

Percentile by Number Answered

Percent of People with Each Score

Your Score History

You have not taken this quiz since the last reset